01209nam a2200229Ia 4500008004100000020001500041041001200056082001600068100001500084245008200099260003200181300000900213650001400222700001700236700001900253942000700272999001500279952016100294952017800455952017300633952017300806221030s9999 xx 000 0 und d a8188646008 aEnglish a105.23bPur aB. R. Puri 0aPrinciples of Physical Chemistrycby B. R. Puri, L. R. Sharma, M. S. Pathania bVishal PubaJalandharc2004 a1076 aChemistry aL. R. Sharma aM. S. Pathania cBK c4200d4200 pBE 7550g350.00l0o105.23 Purr2024-06-13 00:00:00w2022-10-30yBK003Print4071aMIETLIBbMIETLIBcBL-Second, FL-1, CUP-59, SH-3, R-3d2005-02-0510HBE pBE 7551g350.00l1o105.23 Purq2023-04-30r2023-04-19 00:00:00s2023-04-19w2022-10-30yBK003Print4070aMIETLIBbMIETLIBcBL-, FL-, CUP-18, SH-3, R-3d2005-02-0510HBE pBE 7552g350.00l0o105.23 Purr2024-06-13 00:00:00w2022-10-30yBK003Print4070aMIETLIBbMIETLIBcBL-Academic Block - C, FL-2, CUP-18, SH-3, R-3d2005-02-0510HBE pBE 7553g350.00l0o105.23 Purr2024-06-13 00:00:00w2022-10-30yBK003Print4070aMIETLIBbMIETLIBcBL-Academic Block - C, FL-2, CUP-18, SH-3, R-3d2005-02-0510HBE